[Event "Frome Open 2015"]
[Site "Frome ENG"]
[Date "2015.05.17"]
[Round "5.12"]
[White "Bourne, Johnathan D"]
[Black "Littleton, Mark"]
[Result "1/2-1/2"]
[WhiteElo "1980"]
[BlackElo "1870"]
[PlyCount "46"]
[EventDate "2015.05.15"]

1. e4 c6 2. d4 d5 3. exd5 cxd5 4. c4 Nf6 5. Nc3 Be6 6. cxd5 Bxd5 7. Nf3 e6 8.
Nxd5 Nxd5 9. Bb5+ Nc6 10. Bxc6+ bxc6 11. O-O Bd6 12. Be3 O-O 13. Rc1 Qb6 14.
Qc2 Rfc8 15. Ng5 g6 16. Ne4 Bf8 17. Nc5 Rd8 18. Bg5 Be7 19. Bxe7 Nxe7 20. Rfd1
Rab8 21. b3 Rbc8 22. Rd3 Rd5 23. Qc3 Rcd8 1/2-1/2

[Event "Frome Open 2015"]
[Site "Frome ENG"]
[Date "2015.05.17"]
[Round "5.13"]
[White "Waterfield, John W"]
[Black "Cusick, Peter W"]
[Result "1-0"]
[WhiteElo "1867"]
[BlackElo "1974"]
[PlyCount "49"]
[EventDate "2015.05.15"]

1. e4 c6 2. d4 d5 3. exd5 cxd5 4. c4 Nf6 5. Nc3 e6 6. Nf3 Be7 7. a3 O-O 8. c5
b6 9. b4 a5 10. Bb2 axb4 11. axb4 Rxa1 12. Qxa1 Nc6 13. Qa4 Nb8 14. Bb5 Qc7 15.
O-O Bd7 16. Ne5 Bxb5 17. Nxb5 Qb7 18. Ra1 Nc6 19. Nd6 Bxd6 20. Qxc6 Qxc6 21.
Nxc6 Bf4 22. g3 Bc7 23. Ra7 Bb8 24. Rb7 bxc5 25. bxc5 1-0

[Event "Frome Open 2015"]
[Site "Frome ENG"]
[Date "2015.05.17"]
[Round "5.14"]
[White "Holton, Jake"]
[Black "Fallowfield, Nicholas"]
[Result "1/2-1/2"]
[WhiteElo "1571"]
[BlackElo "1942"]
[PlyCount "76"]
[EventDate "2015.05.15"]

1. d4 d5 2. c4 Nc6 3. Nc3 dxc4 4. Nf3 Nf6 5. Bg5 Nd5 6. e4 Nxc3 7. bxc3 Na5 8.
Bxc4 Nxc4 9. Qa4+ c6 10. Qxc4 Qa5 11. Bd2 Be6 12. Qe2 Qa4 13. Ne5 f6 14. Ng4
Bc4 15. Qd1 Qxd1+ 16. Kxd1 O-O-O 17. Kc2 e5 18. Ne3 Ba6 19. d5 Bc5 20. f3 Bxe3
21. Bxe3 cxd5 22. exd5 Rxd5 23. Bxa7 Rhd8 24. Rhd1 Bd3+ 25. Kc1 Kc7 26. Be3 Kc6
27. a4 Bc4 28. Rxd5 Rxd5 29. Kc2 h5 30. a5 Bd3+ 31. Kc1 Bf1 32. g3 Be2 33. f4
Rd1+ 34. Kb2 Rd3 35. Bb6 exf4 36. gxf4 Rh3 37. Rg1 Bg4 38. Rg2 Rf3 1/2-1/2

[Event "Frome Open 2015"]
[Site "Frome ENG"]
[Date "2015.05.17"]
[Round "5.15"]
[White "Hollands, George E"]
[Black "McLaren, Charlie"]
[Result "1-0"]
[WhiteElo "1937"]
[BlackElo "1671"]
[PlyCount "105"]
[EventDate "2015.05.15"]

1. d4 Nf6 2. c4 e6 3. g3 Bb4+ 4. Bd2 c5 5. Bg2 O-O 6. Nf3 Nc6 7. Bxb4 cxb4 8.
O-O d5 9. Nbd2 b6 10. e3 Bb7 11. Rc1 Rc8 12. c5 bxc5 13. Rxc5 Qb6 14. Rc1 Na5
15. Ne5 Rxc1 16. Qxc1 Rc8 17. Qd1 Nc4 18. Ndxc4 dxc4 19. Bxb7 Qxb7 20. Qe2 c3
21. bxc3 bxc3 22. Rc1 Nd5 23. Nd3 a5 24. Nc5 Qb2 25. Qxb2 cxb2 26. Rb1 Rb8 27.
Na4 Kf8 28. Rxb2 Rxb2 29. Nxb2 Ke7 30. Nc4 Nc3 31. Nxa5 Nxa2 32. Kg2 Nc3 33. h4
Kf6 34. Nc4 h5 35. Kf3 Nd1 36. Nd6 Ke7 37. Ne4 Nb2 38. Ke2 Kd7 39. f3 f6 40. g4
hxg4 41. fxg4 Nc4 42. Ng3 Nd6 43. Kf3 Nf7 44. Ne4 Kc6 45. Kf4 Kd5 46. h5 e5+
47. dxe5 Nxe5 48. Nxf6+ gxf6 49. Kf5 Kd6 50. h6 Ke7 51. g5 Kf7 52. gxf6 Nc4 53.
h7 1-0